Score 0/24 Timer 03:00
0 Plays Today
Character Missing Word % Correct
Cosmo _____Kramer
93.6%
Jerry _____Seinfeld
92.4%
George _____Costanza
87.8%
_____ SteinbrennerGeorge
86%
Elaine _____Benes
83.3%
Uncle _____Leo
72.7%
'Crazy' _____ DavolaJoe
69.3%
Sue _____ MischkeEllen
68.5%
_____ PuddyDavid
63.8%
Keith _____Hernandez
60.5%
_____ BaniaKenny
54.6%
Lloyd _____Braun
52.7%
Character Missing Word % Correct
_____ WhatleyTim
52.4%
Jackie _____Chiles
50.1%
Franklin _____ RomanowskiDelano
45.8%
_____ KlompusJack
44.5%
Babu _____Bhatt
38.3%
Susan _____Ross
38.2%
Jacopo _____Peterman
30.4%
Mickey _____Abbott
29.1%
_____ DalrympleRussell
29%
Izzy _____Mandelbaum
26.7%
Yev _____ (aka Soup Nazi)Kassem
23.8%
Ruthie _____Cohen
21.1%

Today's Daily Dose

Remove Ads.
Support Sporcle.
Get the best of Sporcle when you Go Orange. This ad-free experience offers more features, more stats, and more fun while also helping to support Sporcle. Thank you for becoming a member.

You're not logged in!

Compare scores with friends on all Sporcle quizzes.
OR
Log In

Show Comments

Extras

Top Quizzes Today


Score Distribution

Your Account Isn't Verified!

In order to create a playlist on Sporcle, you need to verify the email address you used during registration. Go to your Sporcle Settings to finish the process.

Report this User

Report this user for behavior that violates our Community Guidelines.

Details: